Normal view
MARC view
- MOTIL, JOHN M
Entry Personal Name
001 - CONTROL NUMBER
- control field: 77559
003 - CONTROL NUMBER IDENTIFIER
- control field: NUST
005 - DATE AND TIME OF LATEST TRANSACTION
- control field: 20210628205935.0
008 - FIXED-LENGTH DATA ELEMENTS
- fixed length control field: 210628|| aca||aabn | a|a d
040 ## - CATALOGING SOURCE
- Original cataloging agency: NUST
- Transcribing agency: NUST
100 ## - HEADING--PERSONAL NAME
- Personal name: MOTIL, JOHN M
670 ## - SOURCE DATA FOUND
- Source citation: Work cat.: (NUST): MOTIL, JOHN M, DIGITAL SYSTEM FUNDAMENTALS, 1972
